000
00220 a2200085 4500
082
_a
363.125 NHT
245
_a
Safetea - LU NHTSA Highway Safety Programs /
_c
NHTSA
260
_b
NHTSA
300
_a
various Pages
_b
ill. ;
_c
25 cm
650
_a
Highway safety
999
_c
2275
_d
2275